[Event "DEM U18 2010"]
[Site "Oberhof GER"]
[Date "2010.05.27"]
[Round "7"]
[White "Tkachuk, Konstantyn"]
[Black "Jussupow, Alexander"]
[Result "0-1"]
[Termination "normal"]
[Board "10"]
[WhiteElo "2176"]
[BlackElo "2112"]
[PlyCount "86"]
[WhiteFideId "24647330"]
[BlackFideId "24613509"]
[EventCountry "GER"]
[EventRounds "9"]
[EventType "swiss"]
[EventDate "2010.05.22"]

1. e4 e6 2. d4 d5 3. exd5 exd5 4. Nf3 Bg4 5. Qe2+ Qe7 6. Be3 Nf6 7. Nbd2 Nc6 8.
c3 Ne4 9. h3 Bh5 10. Nxe4 Qxe4 11. Qb5 O-O-O 12. Bd3 Qe6 13. Ng5 Qe8 14. g4 Bg6
15. O-O-O a6 16. Qa4 Bxd3 17. Rxd3 f6 18. Nf3 Nb4 19. Qxe8 Nxd3+ 20. Kd2 Rxe8
21. Kxd3 Bd6 22. Nh4 g6 23. f4 Re4 24. Rf1 Rhe8 25. Rf3 Kd7 26. Ng2 b6 27. Rf1
c5 28. Rf2 Kc6 29. Rf3 b5 30. a3 c4+ 31. Kd2 a5 32. Rf1 b4 33. axb4 axb4 34. f5
g5 35. Ra1 Bf4 36. Ra6+ Kb5 37. Re6 R8xe6 38. fxe6 bxc3+ 39. bxc3 Rxe3 40. Nxe3
Kc6 41. Ke2 Bxe3 42. Kxe3 Kd6 43. Kf3 Kxe6 0-1

[Event "DEM U18 2010"]
[Site "Oberhof GER"]
[Date "2010.05.27"]
[Round "7"]
[White "Marx, Joschka"]
[Black "Hobusch, Alexander"]
[Result "0-1"]
[Termination "normal"]
[Board "11"]
[WhiteElo "2029"]
[BlackElo "2132"]
[PlyCount "56"]
[WhiteFideId "24645869"]
[BlackFideId "24611387"]
[EventCountry "GER"]
[EventRounds "9"]
[EventType "swiss"]
[EventDate "2010.05.22"]

1. e4 e6 2. d4 d5 3. Nc3 Nf6 4. Bg5 Bb4 5. e5 h6 6. Be3 Ne4 7. Qg4 g6 8. a3
Bxc3+ 9. bxc3 Nxc3 10. Bd3 Nc6 11. h4 Ne7 12. h5 g5 13. Ne2 Nxe2 14. Qxe2 c5
15. dxc5 d4 16. Bd2 Bd7 17. O-O Bc6 18. f4 Qd5 19. fxg5 hxg5 20. Rf2 g4 21.
Raf1 Rxh5 22. Qxg4 Qxe5 23. Bf4 Qh8 24. Re2 O-O-O 25. Bg5 Rg8 26. Rxf7 Rgxg5
27. Qxe6+ Kb8 28. Qd6+ Ka8 0-1

[Event "DEM U18 2010"]
[Site "Oberhof GER"]
[Date "2010.05.27"]
[Round "7"]
[White "Yakovenko, Oleg"]
[Black "Bart, Simon"]
[Result "1/2-1/2"]
[Termination "normal"]
[Board "12"]
[WhiteElo "2015"]
[BlackElo "1979"]
[PlyCount "106"]
[WhiteFideId "4696000"]
[BlackFideId "24637327"]
[EventCountry "GER"]
[EventRounds "9"]
[EventType "swiss"]
[EventDate "2010.05.22"]

1. d4 d5 2. Nf3 Nf6 3. c4 c6 4. Nc3 g6 5. cxd5 cxd5 6. Bf4 Bg7 7. e3 O-O 8. Bd3
Nc6 9. O-O Bf5 10. Bxf5 gxf5 11. Rc1 Rc8 12. Ne1 Ne4 13. f3 Nf6 14. Nd3 Na5 15.
Bg5 Nc4 16. Qe1 h6 17. Bh4 e6 18. b3 Na5 19. Qg3 Kh7 20. Ne2 Nc6 21. Nef4 Qb6
22. Nc5 Rg8 23. Qf2 Bh8 24. Nfd3 Nh5 25. f4 Nf6 26. Bxf6 Bxf6 27. Ne5 Bxe5 28.
Nd7 Qa6 29. fxe5 Rg6 30. Rc2 Qa5 31. Rfc1 Qd8 32. Nf6+ Kg7 33. b4 a6 34. a4 Qb6
35. Qd2 Rd8 36. a5 Qc7 37. Rc5 Qb8 38. Qc3 Kh8 39. Qb3 Rg5 40. Qa4 Nxe5 41. Rc7
Nc4 42. Rxf7 Rg7 43. Rxg7 Kxg7 44. Nh5+ Kf7 45. Qd1 Nxe3 46. Qf3 Ng4 47. Nf4
Rc8 48. Re1 Rc2 49. Rf1 Qc8 50. Nxe6 Qxe6 51. Qxg4 Rc1 52. Qh5+ Kg7 53. Qf3
Rxf1+ 1/2-1/2

[Event "DEM U18 2010"]
[Site "Oberhof GER"]
[Date "2010.05.27"]
[Round "7"]
[White "Schiffner, Kevin"]
[Black "Müller, Denis"]
[Result "1/2-1/2"]
[Termination "normal"]
[Board "13"]
[WhiteElo "1959"]
[BlackElo "1917"]
[PlyCount "31"]
[WhiteFideId "24674940"]
[BlackFideId "4696140"]
[EventCountry "GER"]
[EventRounds "9"]
[EventType "swiss"]
[EventDate "2010.05.22"]

1. d4 Nf6 2. c4 g6 3. Nc3 Bg7 4. e4 d6 5. f3 O-O 6. Be3 c5 7. d5 a6 8. Qd2 b5
9. cxb5 Qa5 10. bxa6 Nbd7 11. Rc1 Ne5 12. b3 Bxa6 13. Bxa6 Qxa6 14. Rd1 c4 15.
Nge2 Rfb8 16. Nc1 1/2-1/2

[Event "DEM U18 2010"]
[Site "Oberhof GER"]
[Date "2010.05.27"]
[Round "7"]
[White "Schneider, Jens"]
[Black "Steinacker, Alex"]
[Result "0-1"]
[Termination "normal"]
[Board "14"]
[WhiteElo "1980"]
[BlackElo "1879"]
[PlyCount "74"]
[WhiteFideId "24685771"]
[BlackFideId "24647195"]
[EventCountry "GER"]
[EventRounds "9"]
[EventType "swiss"]
[EventDate "2010.05.22"]

1. Nc3 d5 2. e4 d4 3. Nce2 e5 4. Ng3 Be6 5. Nf3 f6 6. d3 Bb4+ 7. Nd2 Nc6 8. Be2
Qd7 9. a3 Bd6 10. h3 g6 11. Bg4 h5 12. Bxe6 Qxe6 13. b4 h4 14. Ne2 O-O-O 15.
Bb2 g5 16. Nc1 Nh6 17. f3 f5 18. Qe2 Ne7 19. Ncb3 Ng6 20. O-O-O Rdg8 21. Rdg1
g4 22. Qe1 Nf4 23. hxg4 fxg4 24. Kb1 h3 25. g3 Ng2 26. Qf2 gxf3 27. Nxf3 Ng4
28. Qe2 Bf8 29. Bc1 N4e3 30. Nbxd4 exd4 31. Nxd4 Qb6 32. Bxe3 Nxe3 33. Qxe3 Bh6
34. Qf3 Qxd4 35. Qf5+ Kb8 36. Qd5 Qxd5 37. exd5 Be3 0-1

[Event "DEM U18 2010"]
[Site "Oberhof GER"]
[Date "2010.05.28"]
[Round "8"]
[White "Nuber, Blasius"]
[Black "Jorczik, Julian"]
[Result "1/2-1/2"]
[Termination "normal"]
[Board "1"]
[BlackTitle "FM"]
[WhiteElo "2199"]
[BlackElo "2357"]
[PlyCount "35"]
[WhiteFideId "24620289"]
[BlackFideId "24611719"]
[EventCountry "GER"]
[EventRounds "9"]
[EventType "swiss"]
[EventDate "2010.05.22"]

1. e4 e6 2. d4 d5 3. exd5 exd5 4. Bf4 Bd6 5. Bxd6 Qxd6 6. Nf3 Bf5 7. Bd3 Bxd3
8. Qxd3 Nf6 9. Nbd2 O-O 10. O-O Nbd7 11. c3 Rfe8 12. Rae1 c6 13. Rxe8+ Rxe8 14.
Re1 Rxe1+ 15. Nxe1 Qe7 16. Kf1 Kf8 17. Qe2 Qxe2+ 18. Kxe2 1/2-1/2

[Event "DEM U18 2010"]
[Site "Oberhof GER"]
[Date "2010.05.28"]
[Round "8"]
[White "Kachibadze, Georg"]
[Black "Geske, Julian"]
[Result "0-1"]
[Termination "normal"]
[Board "2"]
[WhiteElo "2240"]
[BlackElo "2311"]
[PlyCount "82"]
[WhiteFideId "24640794"]
[BlackFideId "24605263"]
[EventCountry "GER"]
[EventRounds "9"]
[EventType "swiss"]
[EventDate "2010.05.22"]

1. e4 e5 2. Nf3 Nc6 3. Bc4 Nf6 4. d3 Be7 5. O-O O-O 6. Re1 d6 7. a4 Kh8 8. a5
a6 9. Nc3 Ng8 10. Nd5 f5 11. exf5 Bxf5 12. h3 Qd7 13. c3 Rae8 14. Nh2 Bh4 15.
Be3 Nf6 16. Nxf6 Bxf6 17. Qb3 Nd8 18. d4 c6 19. d5 cxd5 20. Bxd5 Nc6 21. Qa4
Qc8 22. Red1 Ne7 23. Bf3 Rd8 24. Bb6 Rd7 25. Ng4 d5 26. Ne3 Be6 27. Bg4 Bxg4
28. Qxg4 Qc6 29. Nc2 Rd6 30. Nb4 Qc8 31. Rd3 d4 32. cxd4 exd4 33. Qd1 Qc4 34.
Nc2 Nc6 35. Ne3 Qb5 36. Rb3 Qg5 37. Ng4 Rd7 38. Rc1 Ne5 39. Rc5 Qf4 40. Nxe5
Bxe5 41. Qf3 d3 0-1

[Event "DEM U18 2010"]
[Site "Oberhof GER"]
[Date "2010.05.28"]
[Round "8"]
[White "Kugler, Florian"]
[Black "Günnigmann, Manuel"]
[Result "1/2-1/2"]
[Termination "normal"]
[Board "3"]
[WhiteElo "2104"]
[BlackElo "2181"]
[PlyCount "88"]
[WhiteFideId "4633300"]
[BlackFideId "24640360"]
[EventCountry "GER"]
[EventRounds "9"]
[EventType "swiss"]
[EventDate "2010.05.22"]

1. Nf3 Nf6 2. c4 g6 3. b3 Bg7 4. Bb2 O-O 5. g3 c6 6. Bg2 d5 7. cxd5 cxd5 8. O-O
Nc6 9. d4 Bf5 10. Ne5 Rc8 11. Nc3 Qd6 12. Qd2 Rfd8 13. Rfd1 Qb8 14. Rac1 Be6
15. e3 Ne8 16. Nd3 Bg4 17. Re1 Nf6 18. Nf4 e5 19. Nfxd5 exd4 20. exd4 Nxd5 21.
Nxd5 Qd6 22. Rxc6 Rxc6 23. Ne7+ Kh8 24. Nxc6 bxc6 25. d5 f6 26. Qd4 h5 27. h3
Bf5 28. g4 hxg4 29. hxg4 c5 30. Qc4 Bd7 31. Bf3 Rb8 32. Ba3 Bf8 33. Kg2 Kg7 34.
Rh1 Bb5 35. Qc1 Kf7 36. Rh7+ Kg8 37. Qh1 Bg7 38. Bc1 Bd3 39. Rxg7+ Kxg7 40.
Qh6+ Kg8 41. Bf4 Qf8 42. Qxf8+ Rxf8 43. Bd6 Rc8 44. Be7 Kf7 1/2-1/2

[Event "DEM U18 2010"]
[Site "Oberhof GER"]
[Date "2010.05.28"]
[Round "8"]
[White "Graf, Felix"]
[Black "Zhou, Syang"]
[Result "1/2-1/2"]
[Termination "normal"]
[Board "4"]
[WhiteElo "2300"]
[BlackElo "2206"]
[PlyCount "38"]
[WhiteFideId "24608904"]
[BlackFideId "24636126"]
[EventCountry "GER"]
[EventRounds "9"]
[EventType "swiss"]
[EventDate "2010.05.22"]

1. d4 Nf6 2. c4 g6 3. Nc3 Bg7 4. Nf3 O-O 5. Bg5 h6 6. Bh4 d6 7. e3 g5 8. Bg3
Nh5 9. Nd2 Nxg3 10. hxg3 Bf5 11. Be2 c5 12. d5 Nd7 13. g4 Bg6 14. Kf1 f5 15.
gxf5 Bxf5 16. Kg1 Qe8 17. Bh5 Bg6 18. Bxg6 Qxg6 19. Qb1 Qf7 1/2-1/2

[Event "DEM U18 2010"]
[Site "Oberhof GER"]
[Date "2010.05.28"]
[Round "8"]
[White "Müller, Philipp"]
[Black "Kartsev, Alexandr"]
[Result "1-0"]
[Termination "normal"]
[Board "5"]
[WhiteElo "1911"]
[BlackElo "2082"]
[PlyCount "69"]
[WhiteFideId "24683701"]
[BlackFideId "24647110"]
[EventCountry "GER"]
[EventRounds "9"]
[EventType "swiss"]
[EventDate "2010.05.22"]

1. e4 d5 2. exd5 Nf6 3. d4 Nxd5 4. Nf3 Bg4 5. Be2 e6 6. O-O Be7 7. c4 Nb6 8.
Nc3 O-O 9. Ne5 Bxe2 10. Qxe2 Qxd4 11. Nb5 Qd8 12. Rd1 Qc8 13. Bf4 Na6 14. a4 f6
15. Nf3 e5 16. Be3 Qe8 17. c5 Nd7 18. c6 bxc6 19. Qc4+ Kh8 20. Qxc6 Ndc5 21.
Qxe8 Rfxe8 22. Rac1 Nxa4 23. Ra1 Red8 24. Rdb1 N6c5 25. b4 c6 26. Nc7 Nc3 27.
bxc5 Nxb1 28. Rxb1 Rab8 29. Ra1 a5 30. g3 Rd7 31. Na6 Ra7 32. Nxb8 Rb7 33. Nxc6
Bf8 34. Nxa5 Ra7 35. c6 1-0

[Event "DEM U18 2010"]
[Site "Oberhof GER"]
[Date "2010.05.28"]
[Round "8"]
[White "Borgmeyer, Max"]
[Black "Hirneise, Jens"]
[Result "1/2-1/2"]
[Termination "normal"]
[Board "6"]
[BlackTitle "FM"]
[WhiteElo "2053"]
[BlackElo "2294"]
[PlyCount "62"]
[WhiteFideId "24615870"]
[BlackFideId "24614734"]
[EventCountry "GER"]
[EventRounds "9"]
[EventType "swiss"]
[EventDate "2010.05.22"]

1. e4 c5 2. Nf3 Nc6 3. d4 cxd4 4. Nxd4 g6 5. Nc3 Bg7 6. Be3 Nf6 7. Bc4 O-O 8.
Bb3 Qa5 9. f3 e6 10. Qd2 d5 11. O-O-O dxe4 12. Nxc6 bxc6 13. Nxe4 Qxd2+ 14.
Nxd2 Nd5 15. Bc5 Rd8 16. Ne4 Ba6 17. Rhe1 h5 18. a3 Nb6 19. Nd6 Bf8 20. Ne4
Bxc5 21. Nxc5 Bc4 22. Bxc4 Nxc4 23. a4 Kg7 24. b3 Nd6 25. Nd3 Nf5 26. Ne5 c5
27. Kb2 Rd5 28. Rxd5 exd5 29. Nd3 Rc8 30. Re5 c4 31. Nf4 c3+ 1/2-1/2

[Event "DEM U18 2010"]
[Site "Oberhof GER"]
[Date "2010.05.28"]
[Round "8"]
[White "Grünter, Martin"]
[Black "Krassowizkij, Jaroslaw"]
[Result "0-1"]
[Termination "normal"]
[Board "7"]
[WhiteElo "2185"]
[BlackElo "2244"]
[PlyCount "76"]
[WhiteFideId "24640352"]
[BlackFideId "1271703"]
[EventCountry "GER"]
[EventRounds "9"]
[EventType "swiss"]
[EventDate "2010.05.22"]

1. e4 c5 2. c3 Nf6 3. e5 Nd5 4. d4 cxd4 5. Nf3 Nc6 6. cxd4 d6 7. Bc4 Nb6 8. Bb3
dxe5 9. d5 Na5 10. Nc3 f6 11. Be3 g6 12. Rc1 Bd7 13. Nd2 Bg7 14. Nde4 O-O 15.
O-O Nbc4 16. Bc5 f5 17. Bxc4 Nxc4 18. Qe2 Nb6 19. Ng5 Rc8 20. b4 e4 21. f3 h6
22. Ne6 Bxe6 23. dxe6 Bxc3 24. Rxc3 Na4 25. Rc4 Nxc5 26. bxc5 b5 27. Rb4 Rxc5
28. fxe4 Qb6 29. Qf2 Rf6 30. Rd4 fxe4 31. Qe3 Rxf1+ 32. Kxf1 Rf5+ 33. Kg1 Rd5
34. Rxe4 Rd1+ 35. Kf2 Rd2+ 36. Kf3 Qxe3+ 37. Rxe3 Rxa2 38. Rd3 Kg7 0-1

[Event "DEM U18 2010"]
[Site "Oberhof GER"]
[Date "2010.05.28"]
[Round "8"]
[White "Hobusch, Alexander"]
[Black "Kyas, Marcel"]
[Result "1/2-1/2"]
[Termination "normal"]
[Board "8"]
[WhiteElo "2132"]
[BlackElo "2120"]
[PlyCount "63"]
[WhiteFideId "24611387"]
[BlackFideId "24642037"]
[EventCountry "GER"]
[EventRounds "9"]
[EventType "swiss"]
[EventDate "2010.05.22"]

1. d4 d5 2. c4 Nc6 3. Bf4 Nf6 4. Nf3 Bg4 5. e3 e6 6. Nc3 Bb4 7. Bd3 dxc4 8.
Bxc4 Nd5 9. Bxd5 exd5 10. Rc1 O-O 11. O-O Na5 12. Qa4 Bxc3 13. Rxc3 Nc4 14. Ne5
Nxe5 15. Bxe5 c6 16. f3 Bf5 17. Qb4 Qd7 18. Rb3 b5 19. Qa5 Rfc8 20. Rc1 f6 21.
Bg3 Re8 22. Rbc3 Rac8 23. a4 Qb7 24. axb5 Qxb5 25. Qa3 Qe2 26. Bf2 Re6 27. b3
a6 28. Ra1 Bd3 29. Qa2 Qxa2 30. Rxa2 Bb5 31. Bg3 Rce8 32. Kf2 1/2-1/2

[Event "DEM U18 2010"]
[Site "Oberhof GER"]
[Date "2010.05.28"]
[Round "8"]
[White "Jussupow, Alexander"]
[Black "Meißner, Felix"]
[Result "1/2-1/2"]
[Termination "normal"]
[Board "9"]
[WhiteElo "2112"]
[BlackElo "2138"]
[PlyCount "88"]
[WhiteFideId "24613509"]
[BlackFideId "24671827"]
[EventCountry "GER"]
[EventRounds "9"]
[EventType "swiss"]
[EventDate "2010.05.22"]

1. d4 Nf6 2. Nf3 g6 3. Bf4 Bg7 4. h3 O-O 5. e3 d6 6. Be2 Nfd7 7. O-O e5 8. Bh2
Nc6 9. Na3 e4 10. Nd2 f5 11. c4 a6 12. Nc2 Nf6 13. b4 Kh8 14. a4 a5 15. b5 Ne7
16. Nb3 g5 17. c5 Be6 18. cxd6 cxd6 19. Na3 Rc8 20. Nd2 Ned5 21. Bc4 Qd7 22.
Qb3 b6 23. Rfc1 Bg8 24. Qd1 Bh6 25. Bxd5 Nxd5 26. Nac4 Rf6 27. Rc2 Re8 28. Rac1
f4 29. g4 fxg3 30. Bxg3 Bf8 31. Qg4 Qxg4 32. hxg4 Nb4 33. Rc3 Na2 34. Nxb6 Nxc1
35. Rxc1 Rh6 36. Nd7 Bd5 37. Nxf8 Rxf8 38. Rc7 Rd8 39. Nc4 Rg6 40. b6 Rb8 41.
Nxd6 Kg8 42. b7 Rf6 43. Be5 Rxd6 44. Rg7+ Kf8 1/2-1/2

[Event "DEM U18 2010"]
[Site "Oberhof GER"]
[Date "2010.05.28"]
[Round "8"]
[White "Strunski, Andreas"]
[Black "Schmitt, Philipp"]
[Result "0-1"]
[Termination "normal"]
[Board "10"]
[WhiteTitle "FM"]
[WhiteElo "2378"]
[BlackElo "2097"]
[PlyCount "98"]
[WhiteFideId "24606073"]
[BlackFideId "24641766"]
[EventCountry "GER"]
[EventRounds "9"]
[EventType "swiss"]
[EventDate "2010.05.22"]

1. d4 e6 2. c4 d5 3. Nf3 Nf6 4. Nc3 Be7 5. Bf4 O-O 6. e3 Nbd7 7. c5 c6 8. h3 b6
9. b4 a5 10. a3 Ba6 11. Bxa6 Rxa6 12. O-O Qa8 13. Qb1 axb4 14. axb4 Rxa1 15.
Qxa1 Qb7 16. Qa4 Ra8 17. Qc2 b5 18. Nd2 Ne8 19. Nb3 Bd8 20. f3 Bc7 21. Bxc7
Qxc7 22. Na5 Nb8 23. Ra1 Na6 24. Qd2 Nf6 25. Ne2 Nd7 26. e4 dxe4 27. fxe4 Nf6
28. Nc3 Nxb4 29. Nxb5 cxb5 30. Qxb4 Nxe4 31. Qxb5 Qf4 32. Qe2 Nc3 33. Qf2 Ne2+
34. Kf1 Qxf2+ 35. Kxf2 Nxd4 36. Rb1 Kf8 37. Nc4 Rc8 38. Rd1 Nb3 39. Nb6 Rc7 40.
Rd8+ Ke7 41. Rh8 h6 42. Nc8+ Kd7 43. Nd6 Rxc5 44. Ne4 Rc2+ 45. Kg3 f5 46. Rb8
Nd4 47. Rb4 Ne2+ 48. Kf3 fxe4+ 49. Kxe4 Ng3+ 0-1

[Event "DEM U18 2010"]
[Site "Oberhof GER"]
[Date "2010.05.28"]
[Round "8"]
[White "Müller, Denis"]
[Black "Marx, Joschka"]
[Result "1-0"]
[Termination "normal"]
[Board "11"]
[WhiteElo "1917"]
[BlackElo "2029"]
[PlyCount "125"]
[WhiteFideId "4696140"]
[BlackFideId "24645869"]
[EventCountry "GER"]
[EventRounds "9"]
[EventType "swiss"]
[EventDate "2010.05.22"]

1. e4 c5 2. Nf3 e6 3. d4 cxd4 4. Nxd4 a6 5. Bd3 Bc5 6. Nf3 Be7 7. O-O d6 8. c4
Qc7 9. Nc3 Nf6 10. b3 b5 11. Bb2 b4 12. Nb1 Nc6 13. Nbd2 Bb7 14. Qe2 O-O 15.
Nd4 Ne5 16. Bc2 Ng6 17. f4 e5 18. fxe5 dxe5 19. Nf5 Bc5+ 20. Kh1 Rad8 21. Rad1
Rd7 22. Nf3 Rfd8 23. Rxd7 Rxd7 24. g3 Qc6 25. Re1 Qc7 26. h3 Ne8 27. Ne3 f6 28.
Nd5 Qd8 29. Kh2 Nc7 30. Rf1 Rd6 31. Ne1 Nxd5 32. exd5 Bc8 33. Ng2 Qd7 34. Bf5
Qd8 35. Ne3 Ne7 36. Bb1 Qb6 37. Bc1 Qd8 38. Nf5 Nxf5 39. Bxf5 Bxf5 40. Rxf5 g6
41. Rf3 Bd4 42. g4 Qd7 43. Be3 Qa7 44. Bxd4 Qxd4 45. Qe3 Qxe3 46. Rxe3 Kf8 47.
Kg2 Ke7 48. Kf3 Rd8 49. Ke4 Kd6 50. Re2 Rf8 51. c5+ Kxc5 52. Rc2+ Kd6 53. Rc6+
Ke7 54. Rxa6 Rc8 55. Re6+ Kf7 56. g5 f5+ 57. Kxe5 Rc2 58. Rb6 Re2+ 59. Kd6 f4
60. Rxb4 Rxa2 61. Rxf4+ Ke8 62. Re4+ Kd8 63. Ra4 1-0

[Event "DEM U18 2010"]
[Site "Oberhof GER"]
[Date "2010.05.28"]
[Round "8"]
[White "Yakovenko, Oleg"]
[Black "Schneider, Jens"]
[Result "1-0"]
[Termination "normal"]
[Board "12"]
[WhiteElo "2015"]
[BlackElo "1980"]
[PlyCount "83"]
[WhiteFideId "4696000"]
[BlackFideId "24685771"]
[EventCountry "GER"]
[EventRounds "9"]
[EventType "swiss"]
[EventDate "2010.05.22"]

1. d4 d5 2. Nf3 c6 3. c4 e6 4. e3 f5 5. Bd3 Nf6 6. O-O Bd6 7. b3 Qe7 8. a4 O-O
9. Ba3 Bxa3 10. Nxa3 Ne4 11. Nd2 Qf6 12. Bxe4 fxe4 13. f3 exf3 14. Rxf3 Qe7 15.
Rxf8+ Qxf8 16. e4 Bd7 17. Qe2 Na6 18. Nc2 Re8 19. Rf1 Qe7 20. Nf3 Bc8 21. Ne5
Rf8 22. c5 Nc7 23. Rxf8+ Kxf8 24. b4 a6 25. Ne3 Bd7 26. Qg4 Be8 27. h4 Bd7 28.
Qg5 Qxg5 29. hxg5 Ke7 30. exd5 Nxd5 31. Nxd5+ exd5 32. Kf2 Be8 33. Ke3 Ke6 34.
Kf4 Bh5 35. g6 Bxg6 36. Nxg6 hxg6 37. Kg5 Kf7 38. a5 Kf8 39. Kxg6 Kg8 40. g4
Kf8 41. Kh7 Kf7 42. g5 1-0

[Event "DEM U18 2010"]
[Site "Oberhof GER"]
[Date "2010.05.28"]
[Round "8"]
[White "Tkachuk, Konstantyn"]
[Black "Schiffner, Kevin"]
[Result "1-0"]
[Termination "normal"]
[Board "13"]
[WhiteElo "2176"]
[BlackElo "1959"]
[PlyCount "61"]
[WhiteFideId "24647330"]
[BlackFideId "24674940"]
[EventCountry "GER"]
[EventRounds "9"]
[EventType "swiss"]
[EventDate "2010.05.22"]

1. e4 c5 2. Nf3 e6 3. d4 cxd4 4. Nxd4 a6 5. c4 Qc7 6. Nc3 Nf6 7. Bd3 Be7 8. Be3
Nc6 9. O-O O-O 10. Rc1 d6 11. f4 Bd7 12. b3 Rac8 13. h3 Qa5 14. a4 Ne8 15. Bb1
Bf6 16. Nxc6 Bxc6 17. Qd3 g6 18. Bd4 Bxd4+ 19. Qxd4 Qb4 20. f5 Nc7 21. f6 b5
22. Qb6 Bd7 23. e5 Qc5+ 24. Qxc5 dxc5 25. Rfd1 Bc6 26. a5 Rfd8 27. Be4 Bxe4 28.
Nxe4 bxc4 29. bxc4 Rxd1+ 30. Rxd1 h5 31. Rd7 1-0

[Event "DEM U18 2010"]
[Site "Oberhof GER"]
[Date "2010.05.28"]
[Round "8"]
[White "Bart, Simon"]
[Black "Steinacker, Alex"]
[Result "1/2-1/2"]
[Termination "normal"]
[Board "14"]
[WhiteElo "1979"]
[BlackElo "1879"]
[PlyCount "42"]
[WhiteFideId "24637327"]
[BlackFideId "24647195"]
[EventCountry "GER"]
[EventRounds "9"]
[EventType "swiss"]
[EventDate "2010.05.22"]

1. e4 c5 2. Nf3 Nc6 3. d4 cxd4 4. Nxd4 g6 5. c4 Bg7 6. Be3 Nf6 7. Nc3 Ng4 8.
Qxg4 Nxd4 9. Qd1 Ne6 10. Qd2 d6 11. Be2 Bd7 12. O-O O-O 13. Rac1 Bc6 14. f3 a5
15. b3 Nc5 16. Rfd1 Qb6 17. Nd5 Bxd5 18. cxd5 Rfc8 19. Kf1 Qd8 20. Rc2 h5 21.
Rdc1 b6 1/2-1/2

[Event "DEM U18 2010"]
[Site "Oberhof GER"]
[Date "2010.05.29"]
[Round "9"]
[White "Jorczik, Julian"]
[Black "Müller, Philipp"]
[Result "1-0"]
[Termination "normal"]
[Board "1"]
[WhiteTitle "FM"]
[WhiteElo "2357"]
[BlackElo "1911"]
[PlyCount "93"]
[WhiteFideId "24611719"]
[BlackFideId "24683701"]
[EventCountry "GER"]
[EventRounds "9"]
[EventType "swiss"]
[EventDate "2010.05.22"]

1. d4 Nf6 2. Nf3 e6 3. c4 Bb4+ 4. Nbd2 b6 5. a3 Bxd2+ 6. Bxd2 h6 7. g3 Bb7 8.
Bg2 O-O 9. O-O d6 10. b4 Be4 11. Bc3 Nbd7 12. Re1 Qe7 13. Bf1 e5 14. dxe5 dxe5
15. Qb3 Qe6 16. Nd2 Bb7 17. e4 Rfe8 18. f3 Rad8 19. Rad1 Nb8 20. Qb2 Nc6 21.
Nb3 Nd7 22. Rd2 f5 23. Bh3 Qxc4 24. Bxf5 Nf6 25. Rxd8 Rxd8 26. Bxe5 Nxe5 27.
Qxe5 Bc8 28. Bxc8 Rxc8 29. Nd2 Qa2 30. Qc3 Kh8 31. e5 Nd5 32. Qd3 Re8 33. Kg2
c6 34. Re2 Qa1 35. Nc4 Nc3 36. Rc2 Nd5 37. Nd6 Qb1 38. Rd2 Qxd3 39. Rxd3 Re6
40. f4 Kg8 41. b5 Ne7 42. bxc6 Nxc6 43. Rc3 Nd4 44. Rc4 Nb3 45. Rc8+ Kh7 46.
Rc7 a6 47. Rc6 1-0

[Event "DEM U18 2010"]
[Site "Oberhof GER"]
[Date "2010.05.29"]
[Round "9"]
[White "Geske, Julian"]
[Black "Günnigmann, Manuel"]
[Result "1/2-1/2"]
[Termination "normal"]
[Board "2"]
[WhiteElo "2311"]
[BlackElo "2181"]
[PlyCount "40"]
[WhiteFideId "24605263"]
[BlackFideId "24640360"]
[EventCountry "GER"]
[EventRounds "9"]
[EventType "swiss"]
[EventDate "2010.05.22"]

1. e4 c5 2. Nf3 Nc6 3. Nc3 Nf6 4. d4 cxd4 5. Nxd4 e5 6. Ndb5 d6 7. Bg5 a6 8.
Na3 b5 9. Bxf6 gxf6 10. Nd5 Bg7 11. c3 f5 12. exf5 Bxf5 13. Nc2 Be6 14. g3 O-O
15. Bg2 a5 16. O-O f5 17. Qe2 Rb8 18. Rfd1 Kh8 19. Rd2 Qd7 20. Rad1 Qf7 1/2-1/2

[Event "DEM U18 2010"]
[Site "Oberhof GER"]
[Date "2010.05.29"]
[Round "9"]
[White "Hirneise, Jens"]
[Black "Graf, Felix"]
[Result "1/2-1/2"]
[Termination "normal"]
[Board "6"]
[WhiteTitle "FM"]
[WhiteElo "2294"]
[BlackElo "2300"]
[PlyCount "41"]
[WhiteFideId "24614734"]
[BlackFideId "24608904"]
[EventCountry "GER"]
[EventRounds "9"]
[EventType "swiss"]
[EventDate "2010.05.22"]

1. d4 e6 2. e4 d5 3. exd5 exd5 4. Bd3 Nf6 5. Nf3 Bg4 6. O-O Be7 7. Bf4 O-O 8.
Nbd2 Nc6 9. c3 Bd6 10. Bxd6 Qxd6 11. Qc2 Bh5 12. Rae1 Rfe8 13. b4 a6 14. a4 Bg6
15. Bxg6 hxg6 16. g3 Rxe1 17. Rxe1 Re8 18. Rxe8+ Nxe8 19. Kg2 Qe7 20. Qb1 Nd6
21. Qe1 1/2-1/2

[Event "DEM U18 2010"]
[Site "Oberhof GER"]
[Date "2010.05.29"]
[Round "9"]
[White "Schmitt, Philipp"]
[Black "Hobusch, Alexander"]
[Result "1-0"]
[Termination "normal"]
[Board "7"]
[WhiteElo "2097"]
[BlackElo "2132"]
[PlyCount "45"]
[WhiteFideId "24641766"]
[BlackFideId "24611387"]
[EventCountry "GER"]
[EventRounds "9"]
[EventType "swiss"]
[EventDate "2010.05.22"]

1. e4 e6 2. d4 d5 3. Nc3 Nf6 4. e5 Nfd7 5. f4 c5 6. Nf3 Nc6 7. Be3 a6 8. Qd2 b5
9. a3 g5 10. fxg5 cxd4 11. Nxd4 Ncxe5 12. Bd3 Bg7 13. O-O Bb7 14. Nce2 O-O 15.
Ng3 Ng4 16. Nh5 Qc7 17. Rf4 Nxe3 18. Qxe3 e5 19. Nxg7 exf4 20. Qh3 f5 21. Nge6
Qe5 22. Nxf5 Rfe8 23. Nh6+ 1-0

[Event "DEM U18 2010"]
[Site "Oberhof GER"]
[Date "2010.05.29"]
[Round "9"]
[White "Meißner, Felix"]
[Black "Yakovenko, Oleg"]
[Result "0-1"]
[Termination "normal"]
[Board "8"]
[WhiteElo "2138"]
[BlackElo "2015"]
[PlyCount "70"]
[WhiteFideId "24671827"]
[BlackFideId "4696000"]
[EventCountry "GER"]
[EventRounds "9"]
[EventType "swiss"]
[EventDate "2010.05.22"]

1. e4 c5 2. Nf3 d6 3. d4 cxd4 4. Nxd4 Nf6 5. Nc3 a6 6. h3 e6 7. g4 d5 8. exd5
Nxd5 9. Nde2 Bb4 10. Bg2 O-O 11. O-O Bxc3 12. Nxc3 Nxc3 13. bxc3 Qa5 14. Qf3
Nc6 15. Rd1 e5 16. a4 Be6 17. Ba3 Rfd8 18. Bd6 Rd7 19. Qe2 Qxc3 20. Ra3 Qa5 21.
Bxc6 bxc6 22. c4 c5 23. Qxe5 Rad8 24. Kh2 h6 25. g5 hxg5 26. Rg3 g4 27. Bc7 Qb4
28. Rdg1 Re8 29. Rxg4 f6 30. Qh5 Ree7 31. Rh4 Kf8 32. Bf4 Qb2 33. Qxc5 Qd4 34.
Qb4 Qxf2+ 35. Rg2 Qxh4 0-1